Statistiques concernant Culture Générale - Série 1965

Cliquez ici pour prendre le quiz!

Statistiques générales

  • Ce quiz a été pris 95 fois
  • Le résultat moyen est 3 sur 10

Statistiques - réponses

QuestionRéponse% Correct
Il peut être cantonais ou pilafriz
100%
Dans quel département français se trouve la ville d'Arras ?Pas-de-Calais
74%
Dans la mythologie grecque, comme s'appelle le fils d'Ulysse et de Pénélope ?Télémaque
54%
De quel pays d'Afrique Gitega est-elle la capitale politique ?Burundi
31%
Dans quel état des Etats Unis se trouve la prestigieuse université de Yale ?Connecticut
29%
Ce mot peut désigner "la nourriture des Hébreux dans le désert, d'après l'Ancien Testament" - "un don ou avantage inespéré" - "un grand panier d'osier" - "Ensemble des éphémères qui abondent sur certaines rivières en juin-juillet et dont se nourrissent les poissons"manne
27%
Assortiment de beignets, à la fois très savoureux et très digeste, populaire au Japon depuis le XVIIᵉ siècletempura
7%
Alternance de trois cultures sur un même terrain (2 mots)assolement triennal
6%
Quel grand compositeur, violoniste,chef d'orchestre (1881-1955) est représenté sur les billets roumains de 5 et 50.000 lei ?Georges Enesco
3%
Dans l'Odyssée, comment s'appelle le porcher d'Ulysse et de son père Laërte ?Eumée
0%

Distribution des résultats

Percentile par nombre de réponses

% des personnes avec chaque résultat

Votre développement - résultats

Vous n’avez pas pris ce quiz